000 00384nam a2200157Ia 4500
008 230917s9999||||xx |||||||||||||| ||und||
020 _cPON1.95
040 _e24201
_aMAIN
041 _aEnglish
082 _a811.4 F929P
100 _aLathem, Edward Connery, ed.
245 0 _aPoetry of Robert Frost
260 _aLondon
_bJonat cape
_c1971
300 _axx, 607 p.
942 _cBK
999 _c157386
_d157386